000
00367nam a2200133Ia 4500
008
231129s1997||||xx |||||||||||||| ||spa||
020
_a
958-9490-12-3
082
_a
ER- 514
100
_a
Ramírez Bedoya Alfonso
245
0
_a
Marsella y sus historias
260
_c
1997
264
_a
Pereira: Papiro 1997
942
_2
ddc
_c
BKS
999
_c
20691
_d
20691